Año virgineo cuyos días son finezas de la gran reina del cielo María Santísima Virgen Madre del Altísimo...

Detalles Bibliográficos
Autor principal: DOLZ DEL CASTELLAR, Esteban
Formato: Libro
Publicado: Madrid 1716
Materias:
Colección:Banco de datos
Acervo:Biblioteca del Convento de Santa Mónica de la Ciudad de Puebla. Puebla
Descripción Física:3a. parte
Tema general:Mariología
Notas:Regular. Ex libris manuscrito del Conv. de Sta. Mónica. F3, 6.
LEADER 00785nam a22002050004500
035 |a 51997 
036 |a 1765 
100 1 |a DOLZ DEL CASTELLAR, Esteban 
245 1 0 |a Año virgineo cuyos días son finezas de la gran reina del cielo María Santísima Virgen Madre del Altísimo... 
260 |a Madrid  |b ed. Francisco Lasso, imp. Antonio González  |c 1716 
300 |a 3a. parte 
500 |a Regular. Ex libris manuscrito del Conv. de Sta. Mónica. F3, 6. 
650 1 0 |a Mariología 
949 |a CRP-SM 
959 |a Ex convento de Santa Mónica. Puebla, Puebla  |b CCC5 
960 |a Convento de Santa Mónica de la ciudad de Puebla  |b DD88 
961 |a Franciscana  |b OF 
942 |c CRP-SM 
943 |g Biblioteca del Convento de Santa Mónica de la Ciudad de Puebla. Puebla 
999 |c 962335  |d 962335